La France dans d'autres langues - Statistiques

Statistiques générales
  • Ce quiz a été pris 55 fois
  • Le résultat moyen est 3 sur 11
Statistiques - réponses
Langue Réponse % Correct
Espagnol Francia
94%
Allemand Frankreich
61%
Russe Frantsia
33%
Grec Gallia
20%
Japonais Furansu
10%
Chinois Falanxi
8%
Polonais Francja
8%
Turque Fransa
8%
Danois Frankrig
6%
Finnois Ranska
6%
Suédois Frankrike
4%
Aucun quiz correspondant
Distribution des résultats
% des personnes avec chaque résultat
Percentile par nombre de réponses
Votre historique - résultats
Vous n’avez pas pris ce quiz